Terre des hommes /

Instrumental gypsy jazz guitar music.

Bibliographic Details
Main Author: Wrembel, Stephane
Corporate Author: Water Is Life Records. (Firm)
Format: CD Audio
Language:No linguistic content
Published: Brooklyn, NY : Water is Life Records, ℗2008.
Subjects:

MARC

Tag First Indicator Second Indicator Subfields
LEADER 00000cjm a2200000Ia 4500
001 in00003527421
005 20170424150254.0
007 sd fsngnn|||ed
008 130903s2008 nyujznn n zxx d
035 |a (OCoLC)ocn857505345 
040 |a IMR  |b eng  |c IMR  |d OCLCO  |d OCLCF  |d OCL  |d OCLCQ  |d TXA 
024 1 |a 700261348261 
028 3 2 |a WIL 08-01  |b Water is Life Records 
090 |a M1366.W73  |b T47 2008 
049 |a TXAM 
100 1 |a Wrembel, Stephane. 
245 1 0 |a Terre des hommes /  |c Stephane Wrembel. 
260 |a Brooklyn, NY :  |b Water is Life Records,  |c ℗2008. 
300 |a 1 audio disc (44:82 min.) :  |b digital ;  |c 4 3/4 in. 
336 |a performed music  |b prm  |2 rdacontent 
337 |a audio  |b s  |2 rdamedia 
338 |a audio disc  |b sd  |2 rdacarrier 
511 0 |a Stephane Wrembel, acoustic and 12 string guitar ; with accompanying musicians. 
500 |a Compositioned and performed by Stephane Wrembel. 
520 |a Instrumental gypsy jazz guitar music. 
538 |a Compact disc. 
505 0 0 |t Eternal cycle 1, A new life --  |t Eternal cycle 2, A child's dream --  |t Eternal cycle 3, Mektoub --  |t Eternal cycle 4, Hanna's world --  |t Eternal cycle 5, Apocalypse --  |t Eternal cycle 6, Sorciere --  |t Eternal cycle 7, C'est la vie ... --  |t Eternal cycle 8, Nomad's dance --  |t Eternal cycle 9, A peaceful mind --  |t Eternal cycle 10, Terre des hommes --  |t Eternal cycle 11, Back to the light. 
650 0 |a Jazz  |y 2011-2020. 
650 0 |a Guitar with jazz ensemble. 
650 0 |a Guitar music (Jazz) 
650 0 |a World music. 
650 7 |a Guitar music (Jazz)  |2 fast  |0 (OCoLC)fst00949209 
650 7 |a Guitar with jazz ensemble.  |2 fast  |0 (OCoLC)fst00949222 
650 7 |a Jazz.  |2 fast  |0 (OCoLC)fst00982165 
650 7 |a World music.  |2 fast  |0 (OCoLC)fst01181375 
648 7 |a 2011-2020  |2 fast 
710 2 |a Water Is Life Records. (Firm) 
994 |a C0  |b TXA 
948 |a cataloged  |b h  |c 2017/4/24  |d c  |e blrosas  |f 2:57:45 pm 
999 f f |s d63cf735-2524-3e92-b35a-a847a60702dc  |i dba01686-74f2-3275-9956-7b8e71b7c15b  |t 0 
952 f f |p ric  |a Texas A&M University  |b Rellis Campus  |c Joint Library Facility  |d Remote Storage  |t 0  |e M1366.W73 T47 2008  |h Library of Congress classification  |i audio -- audio disc  |m A14843663452 
998 f f |a M1366.W73 T47 2008  |t 0  |l Remote Storage